000 00652nam a2200277Ia 4500
005 20260324125737.0
008 008 260324s9999 xx 000 0 eng d
020 _a9780203805503
037 _aEBOOK
040 _aCRL
040 _beng
040 _cCRL
041 _2eng
041 _aeng
084 _qCRL
100 _aJohn Dunlosky; Robert A. Bjork
_91179150
245 0 _aHandbook of Metamemory and Memory
260 _bTaylor and Francis
260 _c2008
365 _a
365 _b350
856 _uhttp://www.taylorfrancis.com/books/9780203805503
942 _cEBOOK
999 _c1774690
_d1774690